1305 1914 1987 1195 1224 1145 1036 1638 1610 1747 1517 1308 1684 1121 1802 1294 1539 1005 1345 1883 1771 1317 1474 1764 1721 1733 1546 1684 1292 1073 1628 1200 1576 1693 1407 1491 1604 1984 1763 1162 1259 1722 1937 1034 1211 1323 1475 1005 1729 1973 1273 1313 1271 1956 1044 1517 1013 1108 1644 1178 1250 1694 1024 1777 1398 1889 1212 1549 1499 1517 1622 1848 1272 1585 1098 1771 1264 1075 1164 1042 1601 1233 1133 1296 1286 1175 1846 1543 1979 1033 1892 1426 1269 1445 1353 1996 1418 1767 1011 BCNSPRNW ULIB Ver.6.0+V

เปลี่ยนเป็นภาษาไทย

Change to English
 แสดงรายละเอียดบรรณานุกรม
  กลับหน้าหลัก

Brief Record : Get Marc (ISO 2709) : E-mail record : QR code < ปิดหน้าต่าง
LEADER : 00000nam 2200000uu 4500
001    13399112257
003     ULIB
008    110802s2554||||th 000 0 tha d
020    9786167386349
024    9786167386349
090    นว.^bก831ห
100 0  9law9, อุมารินทร์, บุรามฉัตร, พรรษ, Wanchaya และมิลัน
245 00 หวานนักรักนี้ = Sweetest Love/^c9law9, อุมารินทร์, บุรามฉัตร, พรรษ, Wanchaya และมิลัน
260    นนทบุรี:^bบีไมน์, ^c2554.
300    365 หน้า
945    ^p235^l0^i18473
995    เกษร
999 ^a ใช้งานได้ทุกระบบ
รายการนี้ยังไม่มีแท็ก
คุณยังไม่ได้ล็อกอิน คุณสามารถมีกิจกรรมร่วมกับเว็บไซต์ได้ แต่ต้องล็อกอินก่อน ::
  ล็อกอิน

รายการสื่อสารสนเทศ

ลำดับที่ ประเภท เลขเรียก/บาร์โค้ด สถานที่ สถานะ
1. นวนิยาย
นวนิยาย
นว. ก831ห  
  Barcode: 18473
ห้องสมุดวิทยาเขตสวรรค์ประชารักษ์
►นวนิยาย
บนชั้น
  ขอยืม

BibComment


ยังไม่เคยถูกคอมเมนท์

คอมเมนท์ทรัพยากรรายการนี้
  คอมเมนท์: หวานนักรักนี้ Sw..


 Copyright 2026. Bcnsprnw @Library